000
00205nam a2200085Ia 4500
008
120527s9999 xx 000 0 und d
100
_a
Liebaert, M.
245
_a
Biology:Concepts and Connections
942
_c
BK
999
_c
27305
_d
27305